000 00371 a2200121 4500
020 _a0072285370
050 _aBF121
_b.F337 2000
245 _aStudent study guide to accompany essentials of understanding psychology /
_cFeldman, Robert S.
250 _a4th ed.
260 _aNew York :
_bMcGraw Hill,
_cc2000.
300 _ax, 441 p. :
_bill. ;
_c27 cm.
942 _2lcc
_cBK
_n0
_01
999 _c1396
_d1396